000 00482nam a2200169 i 4500
001 36179
003 ES-MaACL
005 20230906155323.0
007 t|
008 030217s1908 fr ||||1| fre d
100 1 _aBron, Jean.
_931887
245 1 4 _aLes origines sociales de la maladie /
_cpar Jean Bron ; préface du A. Marie.
260 _aParis :
_bV. Giard et E. Briène,
_c1908.
300 _aXII, 207 p. ;
_c19 cm.
700 1 _aMarie, A.
_976707
852 _aES-MaACL
_jD-281
999 _c36179
_d36179